Normal view
MARC view
- تاليف سند، محمد السعيد بن إبراهيم؛ خرج احاديثة أبو عبد الرحمن صلاح بن محمد بن عويضة
Entry Personal Name
001 - CONTROL NUMBER
- control field: 8388
003 - CONTROL NUMBER IDENTIFIER
- control field: JO-AjAnu
005 - DATE AND TIME OF LATEST TRANSACTION
- control field: 20230606071643.0
008 - FIXED-LENGTH DATA ELEMENTS
- fixed length control field: 230606|| aca||aabn | a|a d
040 ## - CATALOGING SOURCE
- Original cataloging agency: JO-AjAnu
- Transcribing agency: JO-AjAnu
100 ## - HEADING--PERSONAL NAME
- Personal name: تاليف سند، محمد السعيد بن إبراهيم؛ خرج احاديثة أبو عبد الرحمن صلاح بن محمد بن عويضة
670 ## - SOURCE DATA FOUND
- Source citation: Work cat.: (JO-AjAnu)4330: تاليف سند، محمد السعيد بن إبراهيم؛ خرج احاديثة أبو عبد الرحمن صلاح بن محمد بن عويضة, author, العرائس الحسان في نفائس أحاديث سيد الأكولن